| 000 | 01927cam a2200445 a 4500 | ||
|---|---|---|---|
| 001 | 16987641 | ||
| 005 | 20170105102918.0 | ||
| 008 | 111003s2012 enk b 001 0 eng | ||
| 010 | _a 2011040537 | ||
| 015 |
_aGBB1B8259 _2bnb |
||
| 016 | 7 |
_a015946810 _2Uk |
|
| 020 | _a9780415686143 (hardback) | ||
| 020 | _a0415686148 (hardback) | ||
| 020 | _a9780203123089 (ebook) | ||
| 020 | _a0203123085 (ebook) | ||
| 035 | _a(OCoLC)ocn712124133 | ||
| 040 |
_aDLC _beng _cDLC _dYDX _dBTCTA _dYDXCP _dCDX _dUKMGB _dYNK _dBWX _dCOO _dDLC |
||
| 042 | _apcc | ||
| 043 | _aa-pk--- | ||
| 050 | 0 | 0 |
_aDS384 _b.S46274 2012 |
| 082 | 0 | 0 |
_a305.80095491 _223 |
| 100 | 1 | _aSiddiqi, Farhan Hanif. | |
| 245 | 1 | 4 |
_aThe politics of ethnicity in Pakistan : _bthe Baloch, Sindhi and Mohajir ethnic movements / _cFarhan Hanif Siddiqi. |
| 260 |
_aLondon ; _aNew York : _bRoutledge, _c2012. |
||
| 300 |
_a150 p. ; _c24 cm. |
||
| 490 | 0 |
_aRoutledge contemporary South Asia series ; _v57 |
|
| 504 | _aIncludes bibliographical references and index. | ||
| 505 | 0 | _aIntroduction -- The state and politics of ethnicity: theoretical overview -- The state and politics of ethnicity in post-1971 Pakistan -- Balochistan: ethnic politics in a tribal setting -- Sindh: ethnic politics in a rural setting -- The Mohajirs: ethnic politics in an urban setting -- Conclusion. | |
| 650 | 0 |
_aEthnic groups _xPolitical activity _zPakistan. |
|
| 650 | 0 |
_aEthnic conflict _zPakistan. |
|
| 650 | 0 |
_aEthnicity _zPakistan. |
|
| 650 | 0 |
_aNationalism _zPakistan. |
|
| 651 | 0 |
_aPakistan _xPolitics and government _y1971-1988. |
|
| 651 | 0 |
_aPakistan _xPolitics and government _y1988- |
|
| 651 | 0 |
_aPakistan _xEthnic relations. |
|
| 651 | 0 |
_aPakistan _xHistory _xAutonomy and independence movements. |
|
| 906 |
_a7 _bcbc _corignew _d1 _eecip _f20 _gy-gencatlg |
||
| 942 |
_2ddc _cBK |
||
| 999 |
_c15472 _d15472 |
||